Business process quality measurement using advances in static code analysis

Elmentve itt :
Bibliográfiai részletek
Szerző: Ladányi Gergely
Testületi szerző: Conference of PhD students in computer science (9.) (2014) (Szeged)
Dokumentumtípus: Könyv része
Megjelent: 2014
Sorozat:Conference of PhD Students in Computer Science 9
Kulcsszavak:Számítástechnika - előadáskivonat
Online Access:http://acta.bibl.u-szeged.hu/61673
LEADER 00722naa a2200181 i 4500
001 acta61673
005 20260224081030.0
008 191024s2014 hu o 100 eng d
040 |a SZTE Egyetemi Kiadványok Repozitórium  |b hun 
041 |a eng 
100 1 |a Ladányi Gergely 
245 1 0 |a Business process quality measurement using advances in static code analysis  |h [elektronikus dokumentum] /  |c  Ladányi Gergely 
260 |c 2014 
300 |a 34 
490 0 |a Conference of PhD Students in Computer Science  |v 9 
695 |a Számítástechnika - előadáskivonat 
710 |a Conference of PhD students in computer science (9.) (2014) (Szeged) 
856 4 0 |u http://acta.bibl.u-szeged.hu/61673/1/cscs_2014_034.pdf  |z Dokumentum-elérés